| 000 | 00677nam a22001937a 4500 | ||
|---|---|---|---|
| 999 |
_c61666 _d61666 |
||
| 005 | 20240412165021.0 | ||
| 008 | 240412s2006 enk||||| |||| 00| 0 eng d | ||
| 020 | _a9781904798811 | ||
| 041 | _aeng | ||
| 080 | _a616.849 K-21 | ||
| 100 |
_aKarthikeyan, D. _921788 |
||
| 245 |
_aStep by Step Ct Scan: _bA Practical Guide for Residents and Technologists / _cD. Karthikeyan, Deepa Chegu. |
||
| 264 |
_aNew Delhi : _bAnshan, _c2008. |
||
| 300 |
_a213 p.: _bill. ; _c18 cm. |
||
| 653 | _aპრაქტიკა რეზიდენტურაში | ||
| 653 | _aმედიცინა | ||
| 700 |
_aChegu, Deepa _eავტორი _921789 |
||
| 942 |
_2udc _cᲬᲘᲒᲜᲘ |
||